[Event "Chigorin Memorial"]
[Site "St Petersburg RUS"]
[Date "2012.10.30"]
[Round "4.140"]
[White "Bratus, Petr P"]
[Black "Shakirova, Renata"]
[Result "1/2-1/2"]
[WhiteElo "2114"]
[BlackElo "1756"]
[WhiteFideId "4168682"]
[BlackFideId "24172049"]
[EventDate "2012.10.27"]

1. Nf3 Nf6 2. c4 g6 3. Nc3 Bg7 4. d4 O-O 5. g3 d6 6. Bg2 c6 7. O-O Qa5 8. d5
cxd5 9. cxd5 Na6 10. Nd2 Bf5 11. h3 Nb4 12. e4 Bd7 13. a3 Na6 14. Re1 Qc7 15.
Qe2 Nc5 16. Rb1 a5 17. b3 Qc8 18. Nc4 Ra6 19. b4 axb4 20. axb4 Nh5 21. e5 Bf5
22. bxc5 Bxb1 23. Nxb1 Qxc5 24. Be3 Qb4 25. Bd2 Qc5 26. g4 Ra4 27. exd6 exd6 28.
Nxd6 Qxd6 29. gxh5 Ra2 30. Qc4 Ra1 31. Bb4 Qb6 32. Bxf8 Rxb1 33. Bxg7 Rxe1+ 34.
Kh2 Qxf2 35. Qd4 Re3 36. Be5 f6 37. Qf4 Qxf4+ 38. Bxf4 Rd3 39. hxg6 hxg6 40. d6
g5 41. Bg3 f5 42. Be5 Kf7 43. Bxb7 Ke6 44. Bg7 Rxd6 45. Kg2 f4 46. Bc3 Rd3 47.
Be1 Ke5 48. Bf3 Kd4 49. Bb4 Rb3 50. Be1 1/2-1/2

[Event "Chigorin Memorial"]
[Site "St Petersburg RUS"]
[Date "2012.10.30"]
[Round "4.142"]
[White "Baglaev, Evgeniy"]
[Black "Petrushev., Nikita"]
[Result "1-0"]
[WhiteElo "2099"]
[BlackElo "1738"]
[WhiteFideId "4195612"]
[BlackFideId "34117803"]
[EventDate "2012.10.27"]

1. d4 d6 2. Nf3 Nd7 3. Bf4 Ngf6 4. h3 c6 5. Nbd2 Qc7 6. e4 e5 7. dxe5 dxe5 8.
Bg3 Bc5 9. c3 O-O 10. Qc2 a5 11. a4 Nh5 12. Bh2 Nf4 13. Nc4 f6 14. g3 Ng6 15. h4
Nb6 16. Nxa5 Bxf2+ 17. Kxf2 Rxa5 18. b4 Ra8 19. Qb3+ Qf7 20. Qxf7+ Kxf7 21. a5
Be6 22. Be2 Nc4 23. Rhd1 Ke7 24. h5 Nh8 25. g4 Nf7 26. Bg1 Nfd6 27. Kg2 Kf7 28.
Bc5 Rfd8 29. Bxc4 Nxc4 30. Kg3 Rxd1 31. Rxd1 Nb2 32. Rf1 Ke8 33. Nxe5 Rd8 34.
Nf3 Rd3 35. Bd4 Nc4 36. Kf4 Ke7 37. g5 Bh3 38. gxf6+ gxf6 39. Rg1 Kf7 40. h6 Ke6
41. Rg7 Nd6 42. Bc5 Nf7 43. Nd4+ Rxd4 44. cxd4 Nxh6 45. Re7# 1-0

[Event "Chigorin Memorial"]
[Site "St Petersburg RUS"]
[Date "2012.10.30"]
[Round "4.143"]
[White "Bubnov, Kirill"]
[Black "Yudkevich, Mikhail"]
[Result "0-1"]
[WhiteElo "1713"]
[BlackElo "2099"]
[WhiteFideId "24175277"]
[BlackFideId "4134486"]
[EventDate "2012.10.27"]

1. d4 f5 2. c4 Nf6 3. Nf3 g6 4. e3 Bg7 5. Be2 d6 6. h4 h6 7. h5 g5 8. Nh2 Nc6 9.
g4 e5 10. gxf5 exd4 11. exd4 Qe7 12. d5 Ne5 13. Qc2 O-O 14. Be3 b5 15. b3 bxc4
16. bxc4 Nxh5 17. Bxh5 Bxf5 18. Qa4 Nd3+ 19. Kd2 Rab8 20. Na3 Bxa1 21. Rxa1 Qe5
22. Rh1 Rb2+ 23. Nc2 Nb4 24. Nf3 Qe4 25. Kc3 Rxc2+ 0-1

[Event "Chigorin Memorial"]
[Site "St Petersburg RUS"]
[Date "2012.10.30"]
[Round "4.144"]
[White "Gogolev, Artem"]
[Black "Levdansky, Alexey"]
[Result "1-0"]
[WhiteElo "2090"]
[BlackElo "1700"]
[WhiteFideId "4116615"]
[BlackFideId "34107581"]
[EventDate "2012.10.27"]

1. d4 d5 2. Nf3 c6 3. Nbd2 Nf6 4. b3 e6 5. Bb2 Nbd7 6. e3 Bd6 7. Bd3 O-O 8. Ne5
Qc7 9. f4 Bxe5 10. fxe5 Ne8 11. O-O g6 12. e4 Ng7 13. Qe2 c5 14. c3 b6 15. Rf3
f6 16. exf6 Rxf6 17. Raf1 Rf8 18. exd5 exd5 19. Qe7 Rxf3 20. Rxf3 Bb7 21. Rf7
Nh5 22. Rxh7 Qf4 23. Bxg6 Rf8 24. Rh8+ Kxh8 25. Qh7# 1-0

[Event "Chigorin Memorial"]
[Site "St Petersburg RUS"]
[Date "2012.10.30"]
[Round "4.146"]
[White "Zamyshlyaev, Anatoly"]
[Black "Stoliarenko, Ivan"]
[Result "1-0"]
[WhiteElo "2080"]
[BlackElo "1673"]
[WhiteFideId "4199308"]
[BlackFideId "24199591"]
[EventDate "2012.10.27"]

1. e4 c5 2. Nf3 d6 3. d4 cxd4 4. Qxd4 Nc6 5. Bb5 Bd7 6. Bxc6 Bxc6 7. Nc3 Nf6 8.
Bg5 e6 9. O-O-O Be7 10. h4 O-O 11. Qd3 Rc8 12. Nd4 a6 13. f4 b5 14. f5 b4 15.
Nxc6 Rxc6 16. Ne2 exf5 17. Nd4 Rc5 18. Nxf5 a5 19. Rhf1 a4 20. Kb1 a3 21. Rf3
axb2 22. Nxe7+ Qxe7 23. Bxf6 gxf6 24. Qxd6 Qxd6 25. Rxd6 Rc4 26. Rdxf6 Rxe4 27.
R6f4 Re2 28. Rf2 Rxf2 29. Rxf2 Re8 30. Rf4 Re2 31. g4 Kg7 32. Rxb4 Rh2 33. h5
Kf6 34. a4 Rd2 35. a5 Rd5 36. Ra4 Rb5 37. a6 Rb8 38. a7 Ra8 39. Ra5 Ke6 40. Kxb2
Kd6 41. c4 Kc6 42. c5 f6 43. Kb3 Kb7 44. Kb4 Kc7 45. Kb5 Kb7 46. Ra1 Kc7 47. Re1
Kb7 48. Re7+ Kc8 49. Rxh7 f5 50. gxf5 Kd8 51. Rh8+ Kc7 52. Rxa8 Kb7 53. Rh8 Kxa7
54. Kc6 Ka6 55. Ra8# 1-0

[Event "Chigorin Memorial"]
[Site "St Petersburg RUS"]
[Date "2012.10.30"]
[Round "4.149"]
[White "Kartsev, Evgeni"]
[Black "Zhelobanov, Roman"]
[Result "0-1"]
[WhiteElo "2070"]
[BlackElo "1912"]
[WhiteFideId "24162469"]
[BlackFideId "24154334"]
[EventDate "2012.10.27"]

1. e4 c6 2. d3 d5 3. Nd2 g6 4. Ngf3 Bg7 5. g3 Bg4 6. Bg2 Nd7 7. h3 Bxf3 8. Qxf3
e6 9. O-O Ne7 10. Qe2 O-O 11. Nf3 b5 12. Re1 h6 13. h4 a5 14. e5 Qc7 15. a4 b4
16. Bf4 c5 17. c4 bxc3 18. bxc3 Rab8 19. Qd2 h5 20. Bh3 Rb6 21. Bh6 Rfb8 22.
Bxg7 Kxg7 23. Qf4 Nf8 24. Kg2 Nf5 25. g4 hxg4 26. Bxg4 Rb2 27. Rh1 Rc2 28. h5
Rbb2 29. Raf1 Qe7 30. Bxf5 exf5 31. hxg6 fxg6 32. e6 Re2 33. Qh6+ Kf6 34. Ng5
Nxe6 35. Nxe6 Kxe6 36. Qxg6+ Qf6 37. Qg8+ Kd6 38. Rh3 f4 39. c4 Re6 40. Kh2 Rb3
41. Qa8 dxc4 42. Qa6+ Ke7 43. Qxc4 Rc3 44. Qd5 f3 45. Qb7+ Kd8 46. Rh8+ Qxh8+ 0-1

[Event "Chigorin Memorial"]
[Site "St Petersburg RUS"]
[Date "2012.10.30"]
[Round "4.150"]
[White "Azimova, Karina"]
[Black "Chernov, Maksim"]
[Result "1/2-1/2"]
[WhiteElo "2044"]
[BlackElo "1895"]
[WhiteFideId "4108310"]
[BlackFideId "24194280"]
[EventDate "2012.10.27"]

1. e4 c5 2. Nf3 d6 3. d4 cxd4 4. Nxd4 Nf6 5. Nc3 a6 6. Bc4 e6 7. Bb3 Be7 8. O-O
O-O 9. f4 Nbd7 10. f5 Nc5 11. Qf3 e5 12. Nde2 Nxb3 13. axb3 b5 14. Bg5 Bb7 15.
Bxf6 Bxf6 16. Qd3 Qb6+ 17. Kh1 Rac8 18. Ng3 Be7 19. Rad1 Rfd8 20. Rd2 f6 21.
Rfd1 Qc5 22. Rc1 Rc7 23. Nf1 Rdc8 24. Ne3 Rd7 25. Ned5 Bd8 26. b4 Qc4 27. Qe3
Bxd5 28. Nxd5 a5 29. bxa5 Bxa5 30. Rdd1 Bd8 31. c3 Qb3 32. Rd2 Ra8 33. h3 Ra2
34. Nb4 Rxb2 35. Rd5 Qc4 36. Rcd1 Re2 37. Qd3 Qxd3 38. R1xd3 Rxe4 39. Rxb5 Rc4
40. Nd5 Kf7 41. g4 Rc5 42. Rxc5 dxc5 43. c4 Rb7 44. Kg2 Ba5 45. Kf3 Bb4 46. Ke4
Ke8 47. Ne3 Ra7 48. Nd5 Ra3 49. Nc7+ Ke7 50. Rxa3 Bxa3 51. Ne6 g6 52. Kd5 gxf5
53. gxf5 Bb4 54. Nc7 Kd7 55. Ne6 h6 56. Nf8+ Ke8 57. Ne6 Kd7 58. Nf8+ Ke8 59.
Ne6 Ke7 60. Nc7 h5 61. Ne6 Ba3 62. Nc7 Bb4 63. Ne6 h4 64. Nc7 Kd7 65. Ne6 1/2-1/2

[Event "Chigorin Memorial"]
[Site "St Petersburg RUS"]
[Date "2012.10.30"]
[Round "4.151"]
[White "Nikiforov, Vyacheslav"]
[Black "Kopasov, Evgeny"]
[Result "1/2-1/2"]
[WhiteElo "1863"]
[BlackElo "2014"]
[WhiteFideId "4119401"]
[BlackFideId "4181239"]
[EventDate "2012.10.27"]

1. d4 d5 2. c4 dxc4 3. Nc3 a6 4. a4 Nf6 5. Bg5 e6 6. e3 Be7 7. Bxc4 Nbd7 8. Nf3
c5 9. dxc5 Bxc5 10. O-O O-O 11. Ne4 Be7 12. Nxf6+ Nxf6 13. Qxd8 Rxd8 14. Rfd1
Bd7 15. b3 Bc6 16. Ne5 Be4 17. f3 h6 18. Bh4 g5 19. Bg3 Bd5 20. e4 Bxc4 21. Nxc4
Rxd1+ 22. Rxd1 Rd8 23. Rxd8+ Bxd8 24. Nd6 b6 25. Kf2 Kf8 26. Nc4 Nd7 27. Ke2 Nc5
28. Bd6+ Be7 29. Bxc5 Bxc5 30. Ne5 Ke7 31. Nd3 Kd6 32. h3 b5 33. axb5 axb5 34.
b4 Bd4 35. Kd2 h5 36. g4 hxg4 37. hxg4 Ba1 38. Kc2 Bd4 39. Kb3 Ba1 40. Ka2 Bc3
41. Kb3 1/2-1/2

[Event "Chigorin Memorial"]
[Site "St Petersburg RUS"]
[Date "2012.10.30"]
[Round "4.152"]
[White "Opanasenko, Mikhail"]
[Black "Faizutdinova, Diana"]
[Result "1-0"]
[WhiteElo "2011"]
[BlackElo "1834"]
[WhiteFideId "24176834"]
[BlackFideId "24143731"]
[EventDate "2012.10.27"]

1. e4 e6 2. d4 d5 3. Nc3 Bb4 4. e5 c5 5. a3 Bxc3+ 6. bxc3 Nc6 7. Qg4 g6 8. Nf3
h6 9. Bd3 Nge7 10. Qf4 c4 11. Be2 Qa5 12. Bd2 Bd7 13. a4 b5 14. O-O bxa4 15. Ra3
Rb8 16. Qf6 Rh7 17. Rfa1 Nd8 18. g4 Ng8 19. Qh4 Qc7 20. Bc1 Bc6 21. R3a2 Rb6 22.
Ba3 Qb7 23. Nd2 Kd7 24. Re1 Kc8 25. Raa1 a6 26. f4 Qd7 27. Nf3 Rb7 28. Reb1 Bb5
29. Rf1 Ne7 30. Qh3 Nec6 31. Rf2 Na7 32. Nd2 Qe8 33. Bf1 Bd7 34. Bc5 Rh8 35.
Bxc4 dxc4 36. Ne4 Kb8 37. Nf6 1-0

[Event "Chigorin Memorial"]
[Site "St Petersburg RUS"]
[Date "2012.10.30"]
[Round "4.153"]
[White "Hyotyla, Tapio"]
[Black "Westerberg, Claes-Goran"]
[Result "1/2-1/2"]
[WhiteElo "1795"]
[BlackElo "2007"]
[WhiteFideId "501026"]
[BlackFideId "1712691"]
[EventDate "2012.10.27"]

1. d4 e6 2. c4 f5 3. Nc3 Nf6 4. Nf3 Be7 5. e3 O-O 6. Be2 d5 7. Bd2 c6 8. Qb3 Ne4
9. Qc2 Nd7 10. cxd5 exd5 11. Rb1 Ndf6 12. h3 Bd6 13. b4 Qc7 14. Bd3 f4 15. O-O
Nxd2 16. Nxd2 fxe3 17. fxe3 Qe7 18. e4 dxe4 19. Ncxe4 Nxe4 20. Rxf8+ Qxf8 21.
Bxe4 g6 22. a3 Qf4 23. Nf1 Be6 24. Qd3 Qg5 25. Rb2 Rf8 26. Rd2 Qf6 27. d5 cxd5
28. Bxd5 Bxd5 29. Qxd5+ Kh8 30. Qxd6 Qxf1+ 31. Kh2 Qf6 32. Qxf6+ Rxf6 33. Rd7
Ra6 34. Rd3 Re6 35. Rf3 Kg7 36. Kg3 Rd6 37. Kh2 Re6 38. Kg3 Rd6 39. Kh2 Re6 40.
Kg3 1/2-1/2

[Event "Chigorin Memorial"]
[Site "St Petersburg RUS"]
[Date "2012.10.30"]
[Round "4.154"]
[White "Lauda, Alexandr"]
[Black "Fokin, Anatoly"]
[Result "1-0"]
[WhiteElo "1991"]
[BlackElo "1793"]
[WhiteFideId "13903179"]
[BlackFideId "24124451"]
[EventDate "2012.10.27"]

1. e4 e5 2. Nf3 Nc6 3. Bb5 a6 4. Bxc6 dxc6 5. O-O f6 6. d4 Bg4 7. dxe5 Qxd1 8.
Rxd1 Bxf3 9. gxf3 fxe5 10. Be3 Bd6 11. Nd2 Nf6 12. Nc4 O-O-O 13. Bg5 Rhf8 14.
Rd3 h6 15. Bxf6 Rxf6 16. Rad1 Re6 17. Kf1 Be7 18. Rxd8+ Bxd8 19. Ke2 b5 20. Ne3
Bg5 21. Ng2 h5 22. h4 Bh6 23. f4 exf4 24. Kf3 g5 25. hxg5 Bxg5 26. Rh1 Rh6 27.
e5 Rh8 28. Ke4 h4 29. Nxf4 Bxf4 30. Kxf4 Rf8+ 31. Ke3 Rh8 32. f4 Kd7 33. f5 c5
34. Kf4 h3 35. Rh2 c4 36. Kg4 b4 37. Rxh3 Rg8+ 38. Kf3 Rg5 39. Rh7+ Kd8 40. Kf4
Rg2 41. e6 Rxc2 42. f6 Rf2+ 43. Ke5 c5 44. Kd6 Rd2+ 45. Kc6 1-0

[Event "Chigorin Memorial"]
[Site "St Petersburg RUS"]
[Date "2012.10.30"]
[Round "4.155"]
[White "Jorayewa, Govher"]
[Black "Pitkanen, Juhani"]
[Result "1-0"]
[WhiteTitle "WFM"]
[WhiteElo "1990"]
[BlackElo "1763"]
[WhiteFideId "14001454"]
[BlackFideId "504432"]
[EventDate "2012.10.27"]

1. e4 c5 2. Nc3 a6 3. f4 b5 4. d4 cxd4 5. Qxd4 Nc6 6. Qf2 e6 7. Bd3 d6 8. Nf3
Nf6 9. O-O Bb7 10. e5 dxe5 11. fxe5 Ng4 12. Qg3 h5 13. Bf4 Nd4 14. Ng5 Qb6 15.
Kh1 Bc5 16. Nce4 Nf5 17. Qe1 O-O 18. Nxc5 Qxc5 19. Ne4 Qc6 20. h3 Ngh6 21. Bxh6
Nxh6 22. Qg3 Nf5 23. Qg5 g6 24. Nf6+ Kh8 25. Bxf5 exf5 26. Qh6# 1-0

[Event "Chigorin Memorial"]
[Site "St Petersburg RUS"]
[Date "2012.10.30"]
[Round "4.156"]
[White "Toporkova, Sofia"]
[Black "Ayvazyan, Nikita"]
[Result "1-0"]
[WhiteElo "1732"]
[BlackElo "1973"]
[WhiteFideId "4169930"]
[BlackFideId "4177266"]
[EventDate "2012.10.27"]

1. d4 e6 2. c4 b6 3. Nc3 Bb7 4. e4 Bb4 5. Bd3 f5 6. Qh5+ g6 7. Qe2 fxe4 8. Bxe4
Bxe4 9. Qxe4 Nc6 10. Nf3 Nf6 11. Qc2 Qe7 12. O-O O-O-O 13. a3 Bxc3 14. Qxc3 a5
15. Re1 Qf8 16. b4 h6 17. bxa5 Nxa5 18. c5 Nd5 19. Qd3 Kb7 20. Ne5 Rg8 21. cxb6
cxb6 22. Bd2 Nc6 23. Nxc6 Kxc6 24. Qa6 Ra8 25. Rec1+ Kd6 26. Qb5 Ke7 27. Bb4+
Nxb4 28. axb4 Rxa1 29. Rxa1 Qb8 30. d5 Qe5 31. Rd1 Qd6 32. Qc4 e5 33. Qh4+ g5
34. Qe4 Rg7 35. Re1 Kf6 36. Re3 Re7 37. Rf3+ Kg7 38. Qf5 Qxb4 39. h4 Qd6 40.
Qf8+ Kg6 41. h5+ Kxh5 42. Rh3+ Kg4 43. Qf3# 1-0

[Event "Chigorin Memorial"]
[Site "St Petersburg RUS"]
[Date "2012.10.30"]
[Round "4.159"]
[White "Chernyak, Viktoria"]
[Black "Zhivotovskaya, Asya"]
[Result "1-0"]
[WhiteElo "1939"]
[BlackElo "1660"]
[WhiteFideId "24165956"]
[BlackFideId "24166014"]
[EventDate "2012.10.27"]

1. e4 d5 2. exd5 Qxd5 3. Nf3 Nf6 4. d4 Bg4 5. Be2 Nc6 6. c4 Qf5 7. h3 Bxf3 8.
Bxf3 Qe6+ 9. Be2 Qe4 10. Be3 Qxg2 11. Bf3 Qg6 12. Nc3 O-O-O 13. Qa4 Nd7 14. Nb5
a6 15. Bxc6 Nb6 16. Qa5 axb5 17. Bxb5 Kb8 18. O-O-O e6 19. Rhg1 Qf5 20. Rg5 Qf6
21. Rg4 h6 22. Bf4 Kc8 23. c5 Bxc5 24. dxc5 Rxd1+ 25. Kxd1 Qd4+ 26. Bd2 Qxc5 27.
Be3 Rd8+ 28. Ke1 Qd5 29. Rd4 Qh1+ 30. Ke2 Rxd4 31. Bxd4 Qe4+ 32. Be3 f5 33. Bd3
Qd5 34. Bxb6 cxb6 35. Qxd5 exd5 36. Bxf5+ 1-0

[Event "Chigorin Memorial"]
[Site "St Petersburg RUS"]
[Date "2012.10.30"]
[Round "4.161"]
[White "Grachev, Andrey"]
[Black "Kosov, Igor"]
[Result "1/2-1/2"]
[WhiteElo "2040"]
[BlackElo "1817"]
[WhiteFideId "24138290"]
[BlackFideId "24100528"]
[EventDate "2012.10.27"]

1. e4 e5 2. Nf3 Nc6 3. Bb5 a6 4. Ba4 Nf6 5. O-O d6 6. d3 b5 7. Bb3 Be7 8. Nc3
Na5 9. Bd2 Nxb3 10. axb3 Bb7 11. Ne2 O-O 12. c4 c5 13. Nc3 b4 14. Nd5 Bxd5 15.
cxd5 Ne8 16. Ne1 f5 17. f4 fxe4 18. dxe4 exf4 19. Bxf4 Bg5 20. Nd3 Bxf4 21. Nxf4
Qe7 22. Qe2 a5 23. Kh1 Qe5 24. Ne6 Rxf1+ 25. Rxf1 Nf6 26. Qb5 Ng4 27. Rf4 Qxb2
28. Qf1 h5 29. Rf8+ Rxf8 30. Qxf8+ Kh7 31. Qf5+ Kg8 32. Qf8+ Kh7 33. Qf5+ Kg8
34. Qf8+ 1/2-1/2

[Event "Chigorin Memorial"]
[Site "St Petersburg RUS"]
[Date "2012.10.30"]
[Round "4.162"]
[White "Yakovlev, Yuri S."]
[Black "Stroganov, Anatoly"]
[Result "1-0"]
[WhiteElo "1982"]
[BlackElo "1808"]
[WhiteFideId "4173929"]
[BlackFideId "4178955"]
[EventDate "2012.10.27"]

1. e4 d6 2. d4 Nf6 3. f3 g6 4. Be3 Bg7 5. Qd2 e6 6. c4 c6 7. Nc3 Nbd7 8. Rd1 O-O
9. Bd3 e5 10. Bc2 a6 11. a4 Re8 12. Nge2 Qc7 13. O-O Nf8 14. b4 Be6 15. c5 Rad8
16. Qc1 dxc5 17. dxc5 Bc4 18. Rxd8 Rxd8 19. Rd1 Ne6 20. Rd2 Rxd2 21. Qxd2 Bxe2
22. Nxe2 Bf8 23. Bb3 Qe7 24. Bc4 Nd7 25. a5 Kh8 26. Qa2 Nd8 27. Qd2 Ne6 28. Bb3
Kg8 29. g3 h5 30. h4 Kh7 31. Kg2 Ng7 32. Ng1 Ne8 33. Nh3 f6 34. Qa2 Bh6 35. Qd2
Bxe3 36. Qxe3 Kg7 37. Ba2 Nc7 38. Qb3 Qe8 39. g4 Nb5 40. Qe6 Qxe6 41. Bxe6 Nf8
42. Bc8 hxg4 43. fxg4 Nc3 44. Bxb7 Na2 45. Bxa6 Ne6 46. Bc4 Nxb4 47. Bxe6 Na6
48. Bc8 Nxc5 49. a6 Na4 50. Bd7 Nb6 51. Bxc6 Nc8 52. Kf3 1-0

[Event "Chigorin Memorial"]
[Site "St Petersburg RUS"]
[Date "2012.10.30"]
[Round "4.164"]
[White "Frolov, Lev"]
[Black "Rybakova, Polina"]
[Result "1/2-1/2"]
[WhiteElo "1970"]
[BlackElo "1787"]
[WhiteFideId "4187571"]
[BlackFideId "24178829"]
[EventDate "2012.10.27"]

1. d4 Nf6 2. c4 g6 3. Nc3 Bg7 4. e4 d6 5. h3 c6 6. Nf3 O-O 7. Bg5 a6 8. a4 Nbd7
9. Bd3 Qc7 10. Qd2 e5 11. d5 cxd5 12. cxd5 Nc5 13. Bc2 Qb6 14. Rb1 Qb4 15. Qe2
Nb3 16. O-O Bd7 17. Qd1 Nd4 18. Nxd4 exd4 19. Ne2 d3 20. Qxd3 Bxa4 21. Bxa4 Qxa4
22. b4 Rfe8 23. f3 Rac8 24. Nd4 Rc7 25. Bf4 Rd8 26. Rfc1 Rxc1+ 27. Bxc1 Nd7 28.
Bg5 Rc8 29. Be3 Ne5 30. Qb3 Qd7 31. Rc1 Rxc1+ 32. Bxc1 Qc8 33. Bf4 Qc7 34. Kh2
Ng4+ 35. hxg4 Bxd4 36. Qa4 Qe7 37. g3 g5 38. Bd2 Be5 39. b5 axb5 40. Qxb5 h6 41.
Ba5 Bd4 42. Qc4 Qe5 43. Kg2 b6 44. Bb4 Ba1 45. Qc1 Bd4 46. Qc4 Ba1 1/2-1/2

[Event "Chigorin Memorial"]
[Site "St Petersburg RUS"]
[Date "2012.10.30"]
[Round "4.165"]
[White "Elizarova, Taisia"]
[Black "Volskaya, Vera"]
[Result "1-0"]
[WhiteElo "1663"]
[BlackElo "1929"]
[WhiteFideId "24128350"]
[BlackFideId "24170054"]
[EventDate "2012.10.27"]

1. d4 d5 2. c4 e5 3. dxe5 d4 4. Nf3 Nc6 5. g3 Bg4 6. Bg2 Qd7 7. O-O O-O-O 8.
Nbd2 Nge7 9. a3 Ng6 10. b4 Ncxe5 11. c5 Be7 12. Bb2 Bh3 13. Bxd4 Bxg2 14. Kxg2
Nxf3 15. Nxf3 Qc6 16. Qd3 h5 17. Qf5+ Kb8 18. Bb2 h4 19. Rad1 Rdg8 20. Qd5 Qe8
21. Qd7 Qf8 22. Ne5 hxg3 23. hxg3 Bf6 24. Nxg6 fxg6 25. Bc1 g5 26. c6 b6 27. Qd3
Qe8 28. Qc4 Qc8 29. Rd7 Rh6 30. Rh1 Rxh1 31. Kxh1 Rh8+ 32. Kg2 a6 33. Be3 Rd8
34. Rxd8 Qxd8 35. f3 Qe8 36. Kf2 Bd8 37. a4 Qg6 38. a5 Qd6 39. axb6 cxb6 40. b5 1-0

[Event "Chigorin Memorial"]
[Site "St Petersburg RUS"]
[Date "2012.10.30"]
[Round "4.166"]
[White "Chistiakov, Mihail"]
[Black "Tarakanova, Valeria"]
[Result "1-0"]
[WhiteElo "1884"]
[BlackElo "1778"]
[WhiteFideId "24161217"]
[BlackFideId "24179205"]
[EventDate "2012.10.27"]

1. e4 e5 2. Nf3 Nc6 3. Nc3 Nf6 4. g3 Bc5 5. Bg2 d6 6. d3 a6 7. O-O h6 8. a3 Be6
9. Be3 Bxe3 10. fxe3 Ne7 11. Nh4 Qd7 12. Qf3 Bg4 13. Qf2 Neg8 14. Nf5 g6 15. Nh4
O-O-O 16. Nd5 Nxd5 17. exd5 Rh7 18. e4 Rg7 19. Qa7 Qb5 20. h3 g5 21. hxg4 gxh4
22. g5 hxg5 23. Bh3+ g4 24. Rxf7 Qb6+ 25. Qxb6 cxb6 26. Rxg7 gxh3 27. gxh4 Nf6
28. Rg3 Nh5 29. Rxh3 Nf4 30. Rh2 Rh8 31. Kf2 b5 32. Rg1 Kc7 33. Rg5 Kb6 34. h5
Rh6 35. Kf3 a5 36. Rf5 Kc5 37. Rxf4 1-0

[Event "Chigorin Memorial"]
[Site "St Petersburg RUS"]
[Date "2012.10.30"]
[Round "4.167"]
[White "Demura, Anna"]
[Black "Mikhaylov, Dimitri"]
[Result "0-1"]
[WhiteElo "1652"]
[BlackElo "1854"]
[WhiteFideId "24167142"]
[BlackFideId "13901273"]
[EventDate "2012.10.27"]

1. e4 Nf6 2. Nc3 d5 3. exd5 Nxd5 4. Nxd5 Qxd5 5. Nf3 Bg4 6. Be2 Nc6 7. O-O O-O-O
8. d3 e5 9. h3 Bh5 10. Nd2 Bxe2 11. Qxe2 f5 12. Qf3 Qd7 13. Re1 Nd4 14. Qd1 Bd6
15. Nc4 Rde8 16. Be3 Nc6 17. f3 f4 18. Nxd6+ Qxd6 19. Bf2 g5 20. Kf1 h5 21. Qd2
Qd7 22. Ke2 g4 23. hxg4 hxg4 24. Kd1 gxf3 25. gxf3 Rh2 26. c3 Qh3 27. Qe2 Rg8
28. Kd2 Rgg2 29. Rf1 Qg3 30. Ke1 Rxf2 31. Qxf2 Rxf2 32. Rxf2 Qg1+ 33. Rf1 Qe3+
34. Kd1 Qxd3+ 35. Ke1 Na5 36. Rf2 Nc4 37. Rd1 Qg6 38. b3 Ne3 39. Rdd2 Qg1+ 40.
Ke2 b5 41. Kd3 Qb1+ 42. Ke2 a5 43. Rd3 Qxa2+ 44. Rd2 Qxb3 45. Rh2 a4 0-1

[Event "Chigorin Memorial"]
[Site "St Petersburg RUS"]
[Date "2012.10.30"]
[Round "4.169"]
[White "Bezulenko, Evgeny"]
[Black "Petrochenko, Maria"]
[Result "1-0"]
[WhiteElo "1850"]
[BlackElo "1716"]
[WhiteFideId "24105996"]
[BlackFideId "24161420"]
[EventDate "2012.10.27"]

1. f4 d5 2. Nf3 Bg4 3. e3 Nd7 4. Be2 e6 5. d4 Bd6 6. Nbd2 f6 7. h3 Bh5 8. Nh4
Bxe2 9. Qxe2 Qe7 10. O-O f5 11. Nhf3 Ngf6 12. Qb5 b6 13. Ne5 O-O 14. c4 c5 15.
cxd5 exd5 16. b3 a6 17. Qd3 Qe6 18. Bb2 Rfc8 19. Rfd1 b5 20. Nxd7 Nxd7 21. dxc5
Bxc5 22. Nf1 Nb6 23. Rac1 Be7 24. Ng3 Rf8 25. Rc7 Bf6 26. Ba3 Bd8 27. Rc2 Rf7
28. Rdc1 Bh4 29. Rc6 Qd7 30. Rc7 Qe8 31. Rxf7 Qxf7 32. Nxf5 Bf6 33. Rc6 Nd7 34.
Rd6 Kh8 35. Rxd5 g6 36. Rxd7 Qe6 37. Nh6 Bg7 38. Rd8+ 1-0

[Event "Chigorin Memorial"]
[Site "St Petersburg RUS"]
[Date "2012.10.30"]
[Round "4.170"]
[White "Dzhavathanov, Magomed"]
[Black "Bezobrazov, Lev"]
[Result "1-0"]
[WhiteElo "1848"]
[BlackElo "1673"]
[WhiteFideId "24106020"]
[BlackFideId "4152409"]
[EventDate "2012.10.27"]

1. e4 Nf6 2. e5 Nd5 3. d4 d6 4. Nf3 g6 5. Bc4 Nb6 6. Bb3 Bg7 7. O-O O-O 8. Bf4
Bg4 9. h3 Bxf3 10. Qxf3 Nc6 11. Rd1 e6 12. c3 Qd7 13. a4 a6 14. a5 Nc8 15. Qg3
N6e7 16. Nd2 Nd5 17. Ne4 Nxf4 18. Qxf4 dxe5 19. dxe5 Qb5 20. Nf6+ Bxf6 21. exf6
g5 22. Qg3 Nd6 23. Bc2 Kh8 24. Bd3 Qc5 25. Ra4 Rg8 26. Qf3 Raf8 27. Qh5 Rg6 28.
Bxg6 fxg6 29. Qf3 Qe5 30. Qe3 1-0

[Event "Chigorin Memorial"]
[Site "St Petersburg RUS"]
[Date "2012.10.30"]
[Round "4.171"]
[White "Khatenever, Feliks"]
[Black "Gantsevich, Aleksey A."]
[Result "1/2-1/2"]
[WhiteElo "1843"]
[BlackElo "1626"]
[WhiteFideId "4131800"]
[BlackFideId "24195863"]
[EventDate "2012.10.27"]

1. d4 Nf6 2. Nf3 g6 3. b3 Bg7 4. Bb2 O-O 5. e3 d6 6. Bd3 Nbd7 7. O-O c5 8. Nbd2
Re8 9. a4 Nb6 10. c4 a5 11. Qc2 Nbd7 12. Rfe1 d5 13. Rad1 b6 14. h3 Bb7 15. Ne5
Qc7 16. Ndf3 Nxe5 17. Nxe5 Nd7 18. f4 Nxe5 19. fxe5 Rad8 20. Qf2 e6 21. h4 Qe7
22. Rf1 Rf8 23. Ba3 f6 24. exf6 Bxf6 25. Qc2 Bxh4 26. cxd5 Qg5 27. Qe2 exd5 28.
Rxf8+ Rxf8 29. Rf1 Rxf1+ 30. Kxf1 cxd4 31. Qf3 Qf6 32. exd4 Qxf3+ 33. gxf3 Bf6
34. Bb2 Kg7 35. Kf2 h5 36. Bf1 h4 37. Bh3 g5 38. Ke3 Kg6 39. Ba3 Kf7 40. Bd6 Bd8
41. Be5 Ke7 42. Bg4 Kf7 43. Bd6 Ke8 44. Be6 Be7 45. Be5 Bd8 46. Kd3 Ke7 47. Bh3
Bc6 48. Ke3 Bd7 49. Bf6+ Kxf6 50. Bxd7 Ke7 51. Bh3 Kd6 52. Bg4 Be7 53. Bh3 Bd8
54. Bg4 Be7 55. Bh3 1/2-1/2